000 00424nam a22001577a 4500
003 OSt
005 20251021070304.0
008 251021b |||||||| |||| 00| 0 eng d
020 _a9789966805287
040 _cWORLDALIVE PUBLISHERS LTD
050 _aPZ 7 .A688 2012
245 _aTHE CARJACKERS
_cARENSEN, SHEL
250 _aREVISED EDITION
260 _aNAIROBI, KENYA
_bWORLDALIVE PUBLISHERS LTD
_c2012
942 _2lcc
_cBK
_n0
999 _c9639
_d9639